World Capitals by Letter D - Map Quiz - Statistics

General Stats
  • This quiz has been taken 295 times
  • The average score is 8 of 9
Answers on the Map
Answers color-coded by a green-red scale on the quiz's map according to % correct below.
 
Answer Stats
Answer % Correct
Dublin
100%
Damascus
94%
Dhaka
94%
Djibouti
94%
Dili
93%
Doha
92%
Dakar
89%
Dodoma
88%
Dushanbe
87%
No matching quizzes found
Score Distribution
Percent of People with Each Score
Percentile by Number Answered
Your Score History
You have not taken this quiz